Analýza finančných informácií zverejnených v účtovných závierkach spoločností vo vybranom odvetví bakalárska práca

Guardado en:
Detalles Bibliográficos
Autor principal: Geročová, Annamária
Autor Corporativo: Fakulta hospodárskej informatiky EU. Katedra účtovníctva a audítorstva
Otros Autores: Gedeon, Milan, 1993-
Formato: Libro
Lenguaje:eslovaco
Publicado: Bratislava 2024
Etiquetas: Agregar Etiqueta
Sin Etiquetas, Sea el primero en etiquetar este registro!

MARC

LEADER 00000nbm a2200000 4500
001 0302649
005 20250131095400.9
041 0 |a slo 
044 |a SK 
245 1 0 |a Analýza finančných informácií zverejnených v účtovných závierkach spoločností vo vybranom odvetví  |b bakalárska práca  |c Annamária Geročová ; školiteľ: Milan Gedeon 
264 1 |a Bratislava  |c 2024 
300 |a 48 s. 
100 1 |a Geročová, Annamária 
700 1 |a Gedeon, Milan, 1993- 
710 2 |a Fakulta hospodárskej informatiky EU. Katedra účtovníctva a audítorstva